000 00245nam a2200109Ia 4500
008 190914s9999||||xx |||||||||||||| ||und||
100 _aLuqman Baig
245 0 _aCompany Law
260 _aKarachi
_bGhazanfar
_c1992
300 _a510
942 _cBK
999 _c9816
_d9816